000 01237nac a22002411u 4500
010 _a96012134
020 _a0471592684 (cloth : acid-free paper)
082 0 0 _a621.3824
_bB1716
090 _c886
_d886
100 _aBalanis, Constantine A
245 1 0 _aAntenna theory :
_banalysis and design /
_cConstantine A. Balanis.
250 _a2nd ed.
260 _aNew York :
_bWiley,
_cc1997.
300 _axvi, 941 p. :
_bill. ;
_c26 cm. +
_e1 computer disk (3 1/2 in.)
504 _aIncludes bibliographical references and index.
650 0 _aAntennas (Electronics)
856 4 2 _3Publisher description
_uhttp://www.loc.gov/catdir/description/wiley037/96012134.html
856 4 2 _3Table of Contents only
_uhttp://www.loc.gov/catdir/toc/onix03/96012134.html
856 4 2 _3Contributor biographical information
_uhttp://www.loc.gov/catdir/enhancements/fy0607/96012134-b.html
942 _cBB
_k621.3824B1716
999 _c886
_d886